Robot dynamics and control (Record no. 80238)

MARC details
000 -LEADER
fixed length control field 01268nam a2200205 a 4500
008 - FIXED-LENGTH DATA ELEMENTS--GENERAL INFORMATION
fixed length control field 190822s1989 ||||||||||||||||| || u
020 ## - INTERNATIONAL STANDARD BOOK NUMBER
International Standard Book Number 9780471612438
050 ## - LIBRARY OF CONGRESS CALL NUMBER
Classification number TJ 211.4 Spo
100 ## - MAIN ENTRY--PERSONAL NAME
Personal name Spong, Mark W
245 10 - TITLE STATEMENT
Title Robot dynamics and control
Statement of responsibility, etc. By Mark W. Spong ; M. Vidyasagar
260 ## - PUBLICATION, DISTRIBUTION, ETC.
Place of publication, distribution, etc. New York
Name of publisher, distributor, etc. John Wiley & Sons
Date of publication, distribution, etc. 1989
300 ## - PHYSICAL DESCRIPTION
Extent xvi, 336 pages : illustrations
350 ## -
-- 30.34
700 ## - ADDED ENTRY--PERSONAL NAME
Personal name Vidyasagar, M
995 ## -
-- MAIN LIBRARY OPEN ACCESS
-- 749710
-- CBU-MAIN LIBRARY (Kitwe)
-- 30.34
-- TJ 211.4 Spo
-- 2
-- AVAILABLE
-- Aug 22, 2019
-- 749710
-- Main Library Open Access Collection
995 ## -
-- MAIN LIBRARY OPEN ACCESS
-- 749857
-- CBU-MAIN LIBRARY (Kitwe)
-- 30.34
-- TJ 211.4 Spo
-- 5
-- AVAILABLE
-- Aug 23, 2019
-- 749857
-- Main Library Open Access Collection
995 ## -
-- MAIN LIBRARY OPEN ACCESS
-- 749856
-- CBU-MAIN LIBRARY (Kitwe)
-- 30.34
-- TJ 211.4 Spo
-- 4
-- AVAILABLE
-- Aug 22, 2019
-- 749856
-- Main Library Open Access Collection
995 ## -
-- MAIN LIBRARY OPEN ACCESS
-- 749711
-- CBU-MAIN LIBRARY (Kitwe)
-- 30.34
-- TJ 211.4 Spo
-- 1
-- AVAILABLE
-- Aug 22, 2019
-- 749711
-- Main Library Open Access Collection
995 ## -
-- MAIN LIBRARY OPEN ACCESS
-- 749830
-- CBU-MAIN LIBRARY (Kitwe)
-- 30.34
-- TJ 211.4 Spo
-- 3
-- AVAILABLE
-- Aug 22, 2019
-- 749830
-- Main Library Open Access Collection
999 ## -
-- 80238
-- 80238
Holdings
Withdrawn status Lost status Source of classification or shelving scheme Damaged status Not for loan Permanent Location Current Location Shelving location Date acquired Total Checkouts Full call number Barcode Date last seen Copy number Price effective from Koha item type Total Renewals Date last checked out
          CBU-MAIN LIBRARY, KITWE. CBU-MAIN LIBRARY, KITWE.   06/29/2023   TJ 211.4 Spo 749710 06/29/2023 1 06/29/2023 MONOGRAPH    
          CBU-MAIN LIBRARY, KITWE. CBU-MAIN LIBRARY, KITWE.   06/29/2023   TJ 211.4 Spo 749857 06/29/2023 2 06/29/2023 MONOGRAPH    
          CBU-MAIN LIBRARY, KITWE. CBU-MAIN LIBRARY, KITWE.   06/29/2023   TJ 211.4 Spo 749856 06/29/2023 3 06/29/2023 MONOGRAPH    
          CBU-MAIN LIBRARY, KITWE. CBU-MAIN LIBRARY, KITWE.   06/29/2023   TJ 211.4 Spo 749711 06/29/2023 4 06/29/2023 MONOGRAPH    
          CBU-MAIN LIBRARY, KITWE. CBU-MAIN LIBRARY, KITWE.   06/29/2023 2 TJ 211.4 Spo 749830 09/13/2024 5 06/29/2023 MONOGRAPH 1 07/15/2024